Biggest Non-O Cities on a Map - Statistics

General Stats
  • This quiz has been taken 113 times
  • The average score is 45 of 50
Answers on the Map
Answers color-coded by a green-red scale on the quiz's map according to % correct below.
 
Answer Stats
Population City % Correct
6,500,000 Madrid
100%
6,350,000 Miami
100%
11,400,000 Paris
100%
5,150,000 Ankara
99%
5,900,000 Atlanta
99%
7,150,000 Baghdad
99%
7,300,000 Dallas
99%
31,300,000 Delhi
99%
11,100,000 Lima
99%
6,150,000 Milan
99%
25,600,000 Mumbai
99%
5,650,000 Saint Petersburg
99%
15,500,000 Tehran
99%
20,000,000 Beijing
98%
5,700,000 Dubai
98%
16,200,000 Istanbul
98%
32,100,000 Jakarta
98%
13,900,000 Kinshasa
97%
26,300,000 Manila
97%
7,350,000 Philadelphia
97%
5,950,000 Alexandria
96%
34,100,000 Shanghai
96%
5,400,000 Sydney
96%
9,150,000 Kuala Lumpur
95%
8,400,000 Riyadh
95%
5,700,000 Amman
93%
20,300,000 Dhaka
93%
5,200,000 Accra
91%
6,450,000 Dar es Salaam
90%
5,550,000 Guadalajara
90%
8,450,000 Luanda
90%
18,200,000 Karachi
89%
9,250,000 Wuhan
89%
10,400,000 Hyderabad
88%
11,600,000 Chennai
87%
5,750,000 Abidjan
85%
7,100,000 Xi'an
85%
8,750,000 Ahmedabad
83%
9,150,000 Taipei
82%
5,650,000 Ruhr
80%
13,200,000 Tianjin
80%
7,100,000 Pune
76%
10,200,000 Xiamen
75%
6,150,000 Surabaya
74%
10,000,000 Chengdu
72%
7,050,000 Bandung
67%
5,150,000 Harbin
67%
6,500,000 Nanjing
65%
6,900,000 Surat
65%
8,100,000 Shenyang
53%
No matching quizzes found
Score Distribution
Percent of People with Each Score
Percentile by Number Answered
Your Score History
You have not taken this quiz